| 000 | 02149nam a22002657a 4500 | ||
|---|---|---|---|
| 003 | Uzh_bibl | ||
| 008 | 260427b |||||||| |||| 00| 0 ukr d | ||
| 020 |
_a978-617-12-1700-3 _c58.41 |
||
| 040 | _bукр. | ||
| 041 |
_2ukr _aukr |
||
| 080 | _a821.161.2 | ||
| 090 |
_a821.161.2 _bЛ 63 |
||
| 100 | _aЛис, Володимир | ||
| 245 |
_aСтоліття Якова _cпередм. О.Забужко _hТекст |
||
| 260 |
_aХарків _bКнижковий Клуб "Клуб Сімейного Дозвілля" _c2017 |
||
| 300 |
_a240 с. _bіл. _fВ опр. |
||
| 490 | _v4-те вид. | ||
| 520 | _aНайкращий роман десятиріччя — короноване слово, яке вразило літературну Україну! Роман — своєрідний епос-біографія одного поліського українця, який за свій столітній вік пережив п’ять держав: Російську імперію, УНР, Польщу, гітлерівську Німеччину, сталінський СССР. Доживши до держави Україна, він опинився перед лицем і родинної, і національної драми, яка була запрограмована катастрофами XX століття. У житті старого Якова Меха на короткий час, мов той метелик, з’являється дівча-приблуда. Вона питає, чи любив він колись, — і виринає десь із глибини пам`яті його кохання, і біль втрати, і круговерть війн та режимів, і радощі та горе в родині, і гріхи й каяття… | ||
| 521 | _aДля широкого кола читачів | ||
| 546 | _aукр. | ||
| 650 | _aЛітературно-художнє видання | ||
| 653 |
_aКохання _aПерша Світова Війна _aДруга Світова Війна |
||
| 655 |
_aПроза _vРоман |
||
| 942 |
_2udc _cBK |
||
| 999 |
_c17528 _d17528 |
||